00370nam a2200133Ia 450000500170000000800410001702000150005808200130007310000190008624500210010526000500012630000190017650000410019520250430022724.0240331s9999 xx 000 0 und d a9559700901 bRAMa891 aPushpa Ramlani 0aTunweni rathriya aColombobWomen and the Media Collectivec1999 a87 p ., ( B 1) aA Collection of Kerala Short Stories